000 01017nac a22002171u 4500
010 _a 2004065463
020 _a0195161130 (alk. paper)
082 0 0 _a621.3815/2
_bD594
090 _c1926
_d1926
100 _aDimitrijev, Sima,
245 1 0 _aPrinciples of semiconductor devices /
_cSima Dimitrijev.
260 _aNew York :
_bOxford University Press,
_c2006.
300 _axviii, 588 p. :
_bill. (chiefly col.) ;
_c25 cm.
440 0 _aOxford series in electrical and computer engineering
504 _aIncludes bibliographical references and index.
650 0 _aSemiconductors.
856 4 2 _3Publisher description
_uhttp://www.loc.gov/catdir/enhancements/fy0635/2004065463-d.html
856 4 2 _3Table of contents only
_uhttp://www.loc.gov/catdir/enhancements/fy0635/2004065463-t.html
942 _cBB
_k621.3815/2
999 _c1926
_d1926